Á lódáil...
Shrimp lobster mud crab
| Príomhúdar: | |
|---|---|
| Formáid: | Printed Book |
| Foilsithe: |
Kochi
Marine Products Exports Development Authority
|
| LEADER | 00403nam a22001217a 4500 | ||
|---|---|---|---|
| 082 | |a 639.3 | ||
| 100 | |a Marine Products Exports Development Authority | ||
| 245 | |a Shrimp lobster mud crab | ||
| 260 | |a Kochi |b Marine Products Exports Development Authority | ||
| 300 | |a 73p. | ||
| 942 | |c BK | ||
| 999 | |c 26373 |d 26373 | ||
| 952 | |0 0 |1 0 |4 0 |6 639_300000000000000 |7 0 |9 37025 |a KUFOS |b KUFOS |c CC |d 2018-01-25 |o 639.3 |p 08945 |r 2018-01-25 |y BK | ||